Statistiken für Schnelle Mathematik - Quadratzahlen Level 05

Klicken Sie hier um das Quiz zu spielen!

Allgemein

  • Dieses Quiz wurde 102 mal gespielt
  • Das Durchschnittsergebnis liegt bei 8 aus 10

Antwortstatistiken

HintAntwort% Korrekt
1
100%
4
97%
9
97%
16
90%
25
90%
36
87%
49
87%
64
65%
81
52%
10²100
48%

Verteilung der Resultate

Perzentil nach korrekt beantworteten Fragen

Anzahl Personen mit jedem Resultat

Ihre Resultats-Entwicklung

Sie haben dieses Quiz noch nicht gespielt